Essays on the behavioral study of politics

Guardat en:
Dades bibliogràfiques
Autor principal: Ranney, Austin (Autor)
Format: Llibre
Idioma:anglès
Publicat: Urbana University of Illinois 1962
Matèries:
Etiquetes: Afegir etiqueta
Sense etiquetes, Sigues el primer a etiquetar aquest registre!

MARC

LEADER 00000nam a2200000 a 4500
001 UCT6211
003 CL-VaPUC
008 970106e19620000US |||||||||||||||||eng|d
082 0 4 |a 320.011  |b RAN  |2 21 
100 0 |a Ranney, Austin  |e author  |9 376117 
245 1 0 |a Essays on the behavioral study of politics 
300 |a 251 p 
942 |c BK 
945 |d 19970106 00:00:00  |a paguirre 
260 |a Urbana  |b University of Illinois  |c 1962 
650 0 |a Política  |9 255312 
650 0 |a Ciencias Políticas  |9 255201 
650 7 |a COMPORTAMIENTO POLITICO  |2 CL-VaPUC  |9 335468 
650 0 |a Opinión pública  |9 255512 
650 7 |a SISTEMAS POLITICOS  |2 CL-VaPUC  |9 376118 
650 7 |a ELECCIONES GENERALES  |2 CL-VaPUC  |9 376119 
583 |a last modification  |c 19970106 00:00:00  |k Rodrigo Vera 
999 |c 254927  |d 254925 
952 |0 0  |1 0  |4 0  |6 320_011000000000000_RAN_1962  |7 0  |8 A  |9 276908  |a BIBDER  |b BIBDER  |d 2019-11-19  |i 1800531  |o 320.011 RAN 1962  |p 1800531  |r 2023-01-25  |w 2019-11-19  |y BK  |k DER